| 000 | 00903nam a2200229Ia 4500 | ||
|---|---|---|---|
| 003 | Ost | ||
| 005 | 20260507075045.0 | ||
| 008 | 260507s9999||||xx |||||||||||||| ||und|| | ||
| 040 | _cfsecg | ||
| 041 | _aara | ||
| 082 | _a330 | ||
| 100 |
_aدراز، حامد عبد المجيد _eمؤلف |
||
| 245 | 0 |
_aمبادئ المالية العامة / _c حامد عبد المجيد دراز |
|
| 260 |
_aالاسكندرية: _bالدار الجامعية, _c2003 |
||
| 300 |
_a404 صفحة؛ _bإيضاحات ؛ _c24 سم |
||
| 520 | _aمدخل لدراسة علم الاقتصاد العام، ميزانية الدولة، مصادر الايرادات العامة، القروض العامة | ||
| 653 | _aالإقتصاد | ||
| 653 | _aالمالية العامة | ||
| 653 | _aالميزانية | ||
| 700 |
_aابراهيم ايوب، سميرة _eمؤلف ثانوي |
||
| 942 | _cكتاب | ||
| 999 |
_c42557 _d42557 |
||